zpět

Detail výsledku týmu

Kozlovna S-klub, Olomouc

Datum a čas kvízu

23 Celkem bodů Celkový počet nahraných bodů na tomto kvízu bez doplňovacích otázek.
8. Pořadí na kvízu Konečné umístění týmu na tomto kvízu.

Zaznamenané odpovědi

# Otázka Odpověď Body Výsledky
1. Jak se jmenuje bývalý ministr... 0
2. Donald Trump si na závěr svého... 0
3. 19. července vstoupil do našic... 1
4. Kvůli podezření z neoprávněnéh... 1
5. V pátek začal nový ročník 1. č... 1
6. Pro pražské soutěžící bude tot... 0
7. Ve které stanici se kříží link... 0
8. Jak se za socialismu jmenovala... 1
9. V čem drží prvenství stanice N... 1
10. Celkem kolikrát projíždí trasa... 0